| 000 | 00775nam a22002297a 4500 | ||
|---|---|---|---|
| 005 | 20170124110249.0 | ||
| 010 | _aA-333759 | ||
| 020 |
_c00.00 _a9230025178 |
||
| 035 | _aA-333759 | ||
| 037 | _bCen Lib/Ret | ||
| 040 |
_aDPL _bEN |
||
| 082 |
_a370.1 _bGLO |
||
| 110 |
_aParis.Division of educational sciences,contents and methods of education,Unesco _998267 |
||
| 245 | _aGlossary of educational technology terms / | ||
| 260 |
_aParis _bUnesco _c1987 |
||
| 270 |
_a7 Place de Fontenoy _bParis |
||
| 300 |
_a263p. _c21cm(Hb) |
||
| 500 | _aIncludes bibliographical references and index | ||
| 650 |
_aEducational technology -- Dictionaries. _998268 |
||
| 650 |
_aEnglish language -- Dictionaries -- French. _998269 |
||
| 942 |
_2ddc _cEN _h370.1 _mGLO |
||
| 999 |
_c135740 _d135740 |
||